[Event "chess.com SpeedChess 2024"]
[Site "chess.com INT"]
[Date "2024.08.09"]
[Round "2.16"]
[White "Nepomniachtchi,I"]
[Black "Nakamura,Hi"]
[Result "1/2-1/2"]
[WhiteElo "2770"]
[BlackElo "2802"]

1.e4 e5 2.Nf3 Nc6 3.Bb5 Nf6 4.d3 Bc5 5.O-O O-O 6.Bxc6 bxc6 7.Nxe5 Re8 8.Nf3 d6
9.h3 h6 10.Nc3 Bb6 11.Na4 c5 12.Nxb6 axb6 13.b3 Nh7 14.Bb2 d5 15.Re1 Bb7
16.Nd2 dxe4 17.Nxe4 Bxe4 18.Rxe4 Rxe4 19.dxe4 Qxd1+ 20.Rxd1 Ng5 21.a4 Nxe4
22.Rd7 c4 23.Rxc7 cxb3 24.cxb3 Nc5 25.Rc6 Nxb3 26.Rxb6 Nc5 27.Bd4 Nxa4 28.Rb4 Ra5
29.Rc4 Ra6 30.g4 f6 31.Kg2 Kf7 32.Rc7+ Kg6 33.h4 Rd6 34.h5+ Kh7 35.Rc4 Nb6
36.Bxb6 Rxb6 37.Kg3  1/2-1/2

[Event "chess.com SpeedChess 2024"]
[Site "chess.com INT"]
[Date "2024.08.09"]
[Round "2.17"]
[White "Nakamura,Hi"]
[Black "Nepomniachtchi,I"]
[Result "1-0"]
[WhiteElo "2802"]
[BlackElo "2770"]

1.Nf3 c5 2.g3 Nc6 3.d4 cxd4 4.Nxd4 g6 5.e4 Bg7 6.c3 Nf6 7.Bg2 O-O 8.O-O d6
9.h3 Bd7 10.Nd2 Rc8 11.N2b3 a6 12.f4 b5 13.Be3 Qc7 14.Rc1 Rfe8 15.Nd2 Qb8
16.Qe2 Na5 17.Qf2 Nc4 18.Nxc4 Rxc4 19.b3 Rcc8 20.g4 h6 21.f5 g5 22.Ne2 Bc6
23.Ng3 Qb7 24.Bd4 Bxe4 25.Nxe4 Nxe4 26.Bxg7 Nxf2 27.Bxb7 Nxh3+ 28.Kh2 Rc7
29.Kxh3 Kxg7 30.Bxa6 Ra8 31.Bxb5 Rxa2 32.c4 Kf6 33.Rf3 Rb2 34.Rcf1 Rc5 35.Ba4 Rd2
36.R1f2 Rd1 37.Re2 Ra5 38.Rfe3 Ra7 39.Kg2 Rd4 40.Re4 Rd3 41.R2e3 Rd2+ 42.Kf3 Rh2
43.Kg3 Rd2 44.Re2 Rd3+ 45.Kf2 Rh3 46.Ke1 h5 47.gxh5 Rxh5 48.Kd2 Rh1 49.Kc3 Rf1
50.Bc6 Rxf5 51.b4 Rf3+ 52.Kb2 Raa3 53.b5 Rfc3 54.Rf2+ Kg6 55.Rxe7 Rab3+ 56.Ka2 Ra3+
57.Kb1 Rxc4 58.Be4+ Kh5 59.Rb2 Kg4 60.b6 f5 61.b7  1-0

[Event "chess.com SpeedChess 2024"]
[Site "chess.com INT"]
[Date "2024.08.09"]
[Round "2.7"]
[White "Nakamura,Hi"]
[Black "Nepomniachtchi,I"]
[Result "1-0"]
[WhiteElo "2802"]
[BlackElo "2770"]

1.Nf3 d5 2.d4 Nf6 3.e3 e6 4.c4 Be7 5.Nc3 O-O 6.cxd5 exd5 7.Bd3 c6 8.a3 Nbd7
9.Qc2 Re8 10.Rb1 a5 11.O-O Bd6 12.b4 axb4 13.axb4 Nf8 14.b5 Bg4 15.Nd2 Ng6
16.bxc6 bxc6 17.Bf5 Nh4 18.Bd3 Qd7 19.g3 Ng6 20.Na4 Qc7 21.Nc5 Ra7 22.Bb2 Nf8
23.Ra1 h5 24.Rxa7 Qxa7 25.Rc1 h4 26.Bf1 hxg3 27.hxg3 N8h7 28.Nd3 Bd7 29.Ne5 Bxe5
30.dxe5 Ng4 31.Nf3 Qb8 32.Bd3 Nf8 33.Kg2 c5 34.Rh1 Nh6 35.Ng5 Ne6 36.Bh7+ Kf8
37.Nxe6+ fxe6 38.Ba3 Qxe5 39.Bxc5+ Re7 40.Rh4 Be8 41.Rf4+ Nf7 42.Bg6 Qc7
43.Bxe7+ Qxe7 44.Bxf7 Bxf7 45.Qh7 Qg5 46.Qh8+ Ke7 47.Ra4 Qe5 48.Ra7+ Kf6
49.Qh4+ Kg6 50.Qg4+ Kf6 51.Qf3+ Qf5 52.Qxf5+ exf5 53.f4 Be8 54.Kf2 Bb5 55.Ke1 Bd3
56.Kd2 Be4 57.Kc3 Kg6 58.Kd4 Kh6 59.Ke5 Kg6 60.Rd7 Kh6 61.Rf7 Kg6 62.Rf8 Kh6
63.Rxf5 Bxf5 64.Kxf5 Kh5 65.g4+ Kh4 66.g5 Kg3 67.Ke5 Kf3 68.f5 Kxe3 69.Kxd5  1-0

[Event "chess.com SpeedChess 2024"]
[Site "chess.com INT"]
[Date "2024.08.09"]
[Round "2.3"]
[White "Nakamura,Hi"]
[Black "Nepomniachtchi,I"]
[Result "0-1"]
[WhiteElo "2802"]
[BlackElo "2770"]

1.Nf3 d5 2.d4 Nf6 3.c4 e6 4.e3 Be7 5.Bd3 O-O 6.O-O c5 7.dxc5 dxc4 8.Bxc4 Bxc5
9.a3 b6 10.Qe2 Bb7 11.b4 Be7 12.Rd1 Nbd7 13.Bb2 a5 14.b5 Qc7 15.Nbd2 Rac8
16.Rac1 Qb8 17.Qe1 Rfd8 18.Be2 Nc5 19.Nc4 Bd5 20.Nfe5 Nfd7 21.Bf3 Nxe5 22.Bxe5 Qb7
23.Qe2 Nb3 24.Rc3 a4 25.Bxd5 exd5 26.Qg4 g6 27.Nb2 Nc5 28.Nxa4 d4 29.Rxd4 h5
30.Qf4 g5 31.Nxc5 bxc5 32.Rxd8+ Rxd8 33.Qf3 Qe4 34.h4  0-1

[Event "chess.com SpeedChess 2024"]
[Site "chess.com INT"]
[Date "2024.08.09"]
[Round "2.5"]
[White "Nakamura,Hi"]
[Black "Nepomniachtchi,I"]
[Result "1/2-1/2"]
[WhiteElo "2802"]
[BlackElo "2770"]

1.Nf3 d5 2.e3 Nf6 3.c4 e6 4.b3 Be7 5.Bb2 O-O 6.cxd5 Nxd5 7.Nc3 b6 8.Nxd5 exd5
9.Qc2 c5 10.h4 h6 11.Bd3 Bf6 12.Ne5 Bxe5 13.Bxe5 Nc6 14.Bb2 Nb4 15.Qb1 d4
16.Bh7+ Kh8 17.a3 Nd5 18.Be4 Ba6 19.Qd1 Rc8 20.Qf3 Nf6 21.Bf5 Rc7 22.Rh3 Re8
23.g4 Bb7 24.Qg3 Ne4 25.Qf4 Kg8 26.d3 Nd6 27.e4 b5 28.Kf1 Rce7 29.a4 c4 30.Ba3 Re5
31.axb5 cxb3 32.Rb1 Nxf5 33.gxf5 Qa5 34.Rg3 Kh7 35.Bc1 Rxe4 36.dxe4 Rxe4
37.Qd2 Qxb5+ 38.Kg1 Re2 39.Rxg7+ Kxg7 40.Qxh6+ Kg8 41.Qg5+ Kh7 42.Qh5+ Kg8
43.Qg5+ Kh7 44.Qh5+ Kg8 45.Qg5+  1/2-1/2

[Event "chess.com SpeedChess 2024"]
[Site "chess.com INT"]
[Date "2024.08.09"]
[Round "2.4"]
[White "Nepomniachtchi,I"]
[Black "Nakamura,Hi"]
[Result "1-0"]
[WhiteElo "2770"]
[BlackElo "2802"]

1.e4 e5 2.Nf3 Nc6 3.Bb5 Nf6 4.O-O Nxe4 5.d4 Nd6 6.Ba4 e4 7.Ne5 Be7 8.Nc3 O-O
9.Re1 Nf5 10.Rxe4 Nfxd4 11.Nd5 Ne6 12.c4 Bd6 13.Nf3 f5 14.Rh4 Ne5 15.Rh3 Ng4
16.Bc2 Bc5 17.Ne3 Nxe3 18.Bxe3 Bxe3 19.fxe3 d6 20.Qd5 c6 21.Qd2 Qf6 22.Rf1 Qe7
23.Rd1 Nc5 24.Rg3 Rf6 25.b4 Ne4 26.Bxe4 fxe4 27.Nd4 Bd7 28.Ne2 Be8 29.Nf4 Bf7
30.Qd4 a5 31.a3 axb4 32.axb4 Qe5 33.Qb6 Qe7 34.Qd4 h6 35.h4 Ra4 36.Qc3 Qe5
37.Qc2 Rxb4 38.Qa2 Qe8 39.Qa5 c5 40.Qc7 Qf8 41.Kh2 Bxc4 42.Nh5 Rf7 43.Qxd6 Qxd6
44.Rxd6 Kh7 45.Rdg6 Be2 46.Nxg7 c4 47.Ne8 c3 48.Nf6+ Rxf6 49.Rg7+  1-0

[Event "chess.com SpeedChess 2024"]
[Site "chess.com INT"]
[Date "2024.08.09"]
[Round "2.24"]
[White "Nepomniachtchi,I"]
[Black "Nakamura,Hi"]
[Result "1-0"]
[WhiteElo "2770"]
[BlackElo "2802"]

1.e4 d5 2.exd5 Qxd5 3.Nc3 Qa5 4.d4 c6 5.Nf3 Nf6 6.Bc4 Bf5 7.Ne5 e6 8.g4 Bg6
9.h4 Nbd7 10.Nxd7 Nxd7 11.h5 Be4 12.Rh3 Bd5 13.Bd3 Qc7 14.Nxd5 cxd5 15.c3 O-O-O
16.Kf1 Bd6 17.Rf3 f6 18.a4 Kb8 19.a5 e5 20.Bf5 e4 21.Rh3 g6 22.Be6 Qc4+ 23.Qe2 Qc6
24.b4 a6 25.b5 axb5 26.Rb1 Nf8 27.Bf7 b4 28.cxb4 Bc7 29.b5 Qd7 30.b6 Bd6
31.Bxd5 Ne6 32.a6 Nxd4 33.Qxe4 Rhe8 34.Qxd4 Be5 35.Qc4 Qxd5 36.a7+ Ka8 37.Qxd5 Rxd5
38.Be3 g5 39.Rf3 Ra5 40.Rf5 Ra4 41.Rc1 Rxg4 42.Rc5 Re4 43.Rd5 g4 44.Rd7 g3
45.Rxh7 gxf2 46.Bxf2 Rc8 47.Rg7 Bf4 48.Kg2 Bg5 49.Rd5 Rg4+ 50.Kh3 Rf4 51.Rc7 Rh8
52.Bg3 Rb4 53.Rcd7 Rxb6 54.Rd8+ Rxd8 55.Rxd8+ Kxa7 56.Bf2 Ka6 57.Bxb6 Kxb6
58.Rd5 Bc1 59.Rf5 Kc6 60.Rxf6+ Kc5 61.Rf7 b5 62.Rc7+  1-0

[Event "chess.com SpeedChess 2024"]
[Site "chess.com INT"]
[Date "2024.08.09"]
[Round "2.23"]
[White "Nakamura,Hi"]
[Black "Nepomniachtchi,I"]
[Result "1-0"]
[WhiteElo "2802"]
[BlackElo "2770"]

1.e4 d5 2.exd5 Nf6 3.Nc3 Nxd5 4.Bc4 e6 5.d4 Be7 6.Nf3 O-O 7.O-O Nc6 8.Re1 h6
9.Nxd5 exd5 10.Bd3 Bd6 11.c3 Bg4 12.h3 Bh5 13.Be3 a6 14.Be2 Qf6 15.Nd2 Bxe2
16.Qxe2 Rae8 17.Qf3 Qg6 18.Qxd5 Ne7 19.Qf3 Nf5 20.Qg4 Qe6 21.Nf3 Qd5 22.Bd2 g6
23.Nh4 h5 24.Qf3 Qxf3 25.Nxf3 b5 26.a4 Rxe1+ 27.Bxe1 Rb8 28.axb5 axb5 29.Kf1 Ne7
30.Ke2 Nd5 31.g3 Nb6 32.Kd3 c5 33.Bd2 c4+ 34.Kc2 Nd5 35.Ra5 Kf8 36.Ng5 Ke7
37.Ne4 f5 38.Ra7+ Bc7 39.Nc5 Kd6 40.Na6 Rc8 41.Nxc7 Rxc7 42.Bf4+ Nxf4 43.Rxc7 Kxc7
44.gxf4 h4 45.b3 Kc6 46.bxc4 bxc4 47.Kb2 Kb5 48.Ka3 Ka5 49.d5 Kb5 50.d6 Kc6
51.Kb4 Kxd6 52.Kxc4  1-0

[Event "chess.com SpeedChess 2024"]
[Site "chess.com INT"]
[Date "2024.08.09"]
[Round "2.22"]
[White "Nepomniachtchi,I"]
[Black "Nakamura,Hi"]
[Result "0-1"]
[WhiteElo "2770"]
[BlackElo "2802"]

1.e4 e5 2.f4 d5 3.exd5 e4 4.d3 Nf6 5.dxe4 Nxe4 6.Nf3 Bc5 7.Qe2 Qe7 8.Be3 Nd7
9.Nbd2 Nef6 10.Bxc5 Nxc5 11.Qxe7+ Kxe7 12.O-O-O Nxd5 13.g3 Rd8 14.Bc4 Nb6
15.Rhe1+ Kf8 16.Nb3 Rxd1+ 17.Rxd1 Bg4 18.Nxc5 Bxf3 19.Rd3 Nxc4 20.Rxf3 Re8
21.Nd3 Re2 22.Rf2 Rxf2 23.Nxf2 Ke7 24.b3 Ne3 25.Kd2 Nf1+ 26.Kd3 Nxh2 27.Ke4 g6
28.a4 f5+ 29.Ke5 Nf1 30.g4 Ne3 31.gxf5 gxf5 32.Nd3 Nxc2 33.Kxf5 Nd4+ 34.Kg5 Nxb3
35.f5 Nd4 36.Ne5 Nxf5 37.Kxf5 Kd6 38.Ke4 h5 39.Nd3 c5 40.Ne5 h4 41.Nc4+ Ke6
42.Na5 h3 43.Kf3 b6 44.Nc6 a6 45.Nb8 a5 46.Nc6 Kd6 47.Na7 c4 48.Nb5+ Kc5
49.Kg3 Kb4  0-1

[Event "chess.com SpeedChess 2024"]
[Site "chess.com INT"]
[Date "2024.08.09"]
[Round "2.21"]
[White "Nakamura,Hi"]
[Black "Nepomniachtchi,I"]
[Result "1-0"]
[WhiteElo "2802"]
[BlackElo "2770"]

1.Nf3 Nf6 2.g3 b6 3.Bg2 Bb7 4.O-O e6 5.d4 c5 6.c4 cxd4 7.Qxd4 Nc6 8.Qf4 Be7
9.Nc3 O-O 10.Rd1 Rc8 11.b3 a6 12.Bb2 Qc7 13.Qxc7 Rxc7 14.Nd4 Rfc8 15.Nxc6 Bxc6
16.Bxc6 Rxc6 17.Rd3 Kf8 18.Rad1 Ke8 19.Kg2 h5 20.h3 g6 21.e3 Bb4 22.Ne2 Be7
23.Bxf6 Bxf6 24.Rxd7 b5 25.Ra7 bxc4 26.bxc4 R8c7 27.Rxc7 Rxc7 28.Rd6 Rxc4
29.Rxa6 Rc2 30.Ng1 Rb2 31.Nf3 Bc3 32.g4 hxg4 33.hxg4 Kf8 34.Ra7 Kg7 35.Ng5 Be1
36.Rxf7+ Kh6  1-0

[Event "chess.com SpeedChess 2024"]
[Site "chess.com INT"]
[Date "2024.08.09"]
[Round "2.20"]
[White "Nepomniachtchi,I"]
[Black "Nakamura,Hi"]
[Result "0-1"]
[WhiteElo "2770"]
[BlackElo "2802"]

1.e4 e5 2.d4 exd4 3.Qxd4 Nc6 4.Qe3 Bb4+ 5.Nc3 Nge7 6.Bd2 O-O 7.O-O-O d6 8.Bc4 Be6
9.Bxe6 fxe6 10.Nge2 Bc5 11.Qh3 e5 12.f4 exf4 13.Nxf4 Qc8 14.Qg3 Ne5 15.h3 N7g6
16.Ncd5 c6 17.Nxg6 Nxg6 18.Nf4 Nxf4 19.Bxf4 Qe6 20.Kb1 Rf6 21.e5 dxe5 22.Bxe5 Rg6
23.Qc3 Bf8 24.g4 Re8 25.Rhe1 Qf7 26.a3 Rge6 27.Rf1 Qe7 28.Bd4 c5 29.Bg1 b6
30.Bh2 g6 31.Qc4 Bg7 32.Rd6 Kh8 33.Rfd1 Re2 34.Bg3 Re3 35.Bf4 Re4 36.Qf1 Rf8
37.Rd7 Qf6 38.Rxg7 Rxf4 39.Qxf4 Qxf4 40.Rdd7 Qf1+ 41.Ka2  0-1

[Event "chess.com SpeedChess 2024"]
[Site "chess.com INT"]
[Date "2024.08.09"]
[Round "2.19"]
[White "Nakamura,Hi"]
[Black "Nepomniachtchi,I"]
[Result "1-0"]
[WhiteElo "2802"]
[BlackElo "2770"]

1.Nf3 c5 2.g3 Nc6 3.Bg2 g6 4.d4 cxd4 5.Nxd4 Bg7 6.Nb3 Nf6 7.O-O O-O 8.e4 d6
9.Nc3 Be6 10.Nd5 Rc8 11.c3 Ne5 12.h3 Nc4 13.Re1 Re8 14.Nd4 Bd7 15.Qe2 b5
16.Bg5 e6 17.Nxf6+ Bxf6 18.Bxf6 Qxf6 19.Rad1 e5 20.Nf3 Qe7 21.Nh2 Be6 22.Nf1 a5
23.b3 Na3 24.Qb2 b4 25.c4 a4 26.Ne3 axb3 27.axb3 Rc6 28.Rd3 Rb8 29.Qd2 Rbb6
30.f4 exf4 31.Nd5 Qa7 32.Nxb6 Qxb6+ 33.Qf2 fxg3 34.Qxb6 Rxb6 35.Rc1 Rc6 36.e5 d5
37.Bxd5 Rc5 38.Bxe6 fxe6 39.Re3 Nb5 40.Kg2 Nd4 41.Rd3 Nf5 42.Rd7 Ra5 43.Rd3 Ra2+
44.Kg1 Re2 45.c5 Ne3 46.Rxe3 Rxe3 47.c6  1-0

[Event "chess.com SpeedChess 2024"]
[Site "chess.com INT"]
[Date "2024.08.09"]
[Round "2.18"]
[White "Nepomniachtchi,I"]
[Black "Nakamura,Hi"]
[Result "1/2-1/2"]
[WhiteElo "2770"]
[BlackElo "2802"]

1.e4 e5 2.Nf3 Nc6 3.d4 exd4 4.Nxd4 Nf6 5.Nxc6 bxc6 6.e5 Qe7 7.Qe2 Nd5 8.h4 a5
9.c4 Ba6 10.g3 Nb6 11.Nd2 f6 12.exf6 Qxe2+ 13.Bxe2 gxf6 14.b3 d5 15.Bb2 Bb4
16.O-O-O O-O 17.Rhe1 a4 18.cxd5 axb3 19.axb3 cxd5 20.Bxa6 Rxa6 21.Re6 Ba3
22.Bxa3 Rxa3 23.Kc2 Ra2+ 24.Kd3 Nd7 25.Ke2 Nc5 26.Re7 Nxb3 27.Rxc7 Re8+ 28.Kd3 Ra3
29.Nxb3 Rxb3+ 30.Rc3 Rb2 31.Rd2 Rb7 32.Rc5 Rd8 33.Ke3 Re7+ 34.Kf3 Red7 35.Rd4 Kf7
36.Kf4 Ke6 37.h5 h6 38.g4 Rd6 39.f3 Rb6 40.Rc3 Rd7 41.Re3+ Kf7 42.Kf5 Rc6
43.f4 Rc4 44.Red3 Rxd4 45.Rxd4 Rd8 46.Rd1 d4 47.Ke4 Re8+ 48.Kf5 Rd8 49.Rd3 Kg7
50.Ke4 Re8+ 51.Kxd4 f5 52.gxf5 Kf6 53.Re3 Rd8+ 54.Ke4 Ra8 55.Rd3 Ra4+ 56.Rd4 Ra6
57.Rd5 Ra4+ 58.Kf3 Ra1 59.Rd6+ Kxf5 60.Rxh6 Rf1+ 61.Kg2 Rxf4 62.Rh8 Rh4 63.Kg3 Rh1
64.h6 Kg6 65.Rg8+ Kh7 66.Rg4 Ra1 67.Kh4 Kxh6 68.Rd4 Rh1+ 69.Kg4 Rb1 70.Rd6+ Kg7
71.Kf5 Kf7 72.Rd7+ Ke8 73.Rd5 Rf1+ 74.Ke6 Re1+ 75.Re5 Ra1 76.Rd5 Kf8 77.Rf5+ Kg7
78.Rg5+ Kh6 79.Rf5 Ra6+ 80.Ke5 Ra7 81.Rf6+ Kg5 82.Re6 Kg4 83.Kd6 Ra6+ 84.Ke7 Ra8
85.Kf6 Kf4 86.Rd6 Rf8+ 87.Ke7 Rb8 88.Ke6 Ra8 89.Kd5 Ke3 90.Ke6 Ra1 91.Rd5 Rh1
92.Re5+ Kd4 93.Rd5+ Kc4 94.Rf5 Rh6+ 95.Ke5 Rh8 96.Rf4+ Kc5 97.Rf5 Re8+ 98.Kf6+ Kb4
99.Rf4+ Kc3 100.Rf5 Rb8 101.Rf3+ Kd4 102.Rf5 Ke4 103.Re5+ Kf4 104.Rf5+ Kg3
105.Rg5+ Kf2 106.Rf5+ Ke1 107.Re5+ Kd2 108.Kf5 Kc3 109.Ke4 Rc8 110.Rd5 Re8+
111.Re5 Rh8 112.Ke3 Rh3+ 113.Ke4 Rh1 114.Rc5+ Kb4 115.Re5 Re1+ 116.Kf5 Ra1
117.Re4+ Kc3  1/2-1/2

[Event "Saint Louis Rapid 2024"]
[Site "Saint Louis USA"]
[Date "2024.08.12"]
[Round "1.5"]
[White "Nakamura,Hi"]
[Black "Vachier Lagrave,M"]
[Result "1/2-1/2"]
[WhiteElo "2802"]
[BlackElo "2721"]

1.e4 c5 2.f4 d5 3.Bb5+ Bd7 4.Bxd7+ Qxd7 5.d3 Nc6 6.Nf3 g6 7.c3 Bg7 8.Qe2 e6
9.Be3 b6 10.e5 f6 11.d4 fxe5 12.fxe5 Nge7 13.O-O O-O 14.g4 Rac8 15.h3 b5
16.Na3 b4 17.Nb5 bxc3 18.bxc3 cxd4 19.cxd4 Nb4 20.Nd6 Rc2 21.Qd1 Rc6 22.Ng5 Nc8
23.Rb1 Nxd6 24.Rxb4 Nc4 25.Bc1 Rcc8 26.Rb3 Rxf1+ 27.Qxf1 h6 28.Nf3 Qa4 29.Rb7 Qc6
30.Rb1 Rf8 31.Qd3 Qd7 32.Rb3 Qf7 33.Kg2 g5 34.Rc3 Bh8 35.Rb3 Bg7 36.Rc3 Rb8
37.Rb3 Rf8  1/2-1/2

[Event "Saint Louis Rapid 2024"]
[Site "Saint Louis USA"]
[Date "2024.08.12"]
[Round "2.5"]
[White "Abdusattorov,Nodirbek"]
[Black "Nakamura,Hi"]
[Result "1-0"]
[WhiteElo "2762"]
[BlackElo "2802"]

1.d4 d5 2.Nf3 Nf6 3.Bf4 c5 4.e3 Nc6 5.Nbd2 Nh5 6.Bg5 h6 7.Bh4 g5 8.Ne5 Nxe5
9.dxe5 Ng7 10.Bg3 Nf5 11.Qf3 a6 12.Bd3 Nxg3 13.Qxg3 c4 14.Be2 Qb6 15.O-O-O c3
16.Nb3 cxb2+ 17.Kb1 Bf5 18.Nd4 Bg6 19.e6 Bg7 20.Bd3 Bxd4 21.exf7+ Bxf7 22.exd4 O-O-O
23.h4 Qf6 24.Rde1 e6 25.Qe5 Qxe5 26.Rxe5 g4 27.Kxb2 Rdf8 28.Rf1 Bg8 29.Kc3 Rf6
30.Be2 Rg6 31.Kd2 Bf7 32.Rb1 Kc7 33.Ke3 Be8 34.h5 Rg7 35.Rxe6 Bxh5 36.Reb6 Re8+
37.Kd2 Kc8 38.Bxa6 Rf7 39.Bxb7+ Kc7 40.Bxd5 Rxf2+ 41.Kd3 Ree2 42.Rc6+ Kd8
43.Rb8+ Kd7 44.Rb7+ Kd8 45.Rxh6 Be8 46.Rb8+ Kc7 47.Rb7+ Kc8 48.Rb2 Ba4 49.Rh8+  1-0

[Event "Saint Louis Rapid 2024"]
[Site "Saint Louis USA"]
[Date "2024.08.12"]
[Round "3.1"]
[White "Nakamura,Hi"]
[Black "Caruana,F"]
[Result "1-0"]
[WhiteElo "2802"]
[BlackElo "2793"]

1.e4 e5 2.Nf3 Nc6 3.Bb5 Nge7 4.Nc3 Ng6 5.h4 Nd4 6.Bc4 h5 7.Ng5 d5 8.Bxd5 Bg4
9.f3 Nxh4 10.d3 Be7 11.Bxf7+ Kd7 12.fxg4 Bxg5 13.gxh5 Nxg2+ 14.Kf2 Nf4 15.Qg4+ Kd6
16.Bxf4 Bxf4 17.Qxg7 c6 18.Rag1 Rh6 19.Bb3 b5 20.Ne2 Nxe2 21.Kxe2 Kc5 22.c3 Kb6
23.Rg6 Rxg6 24.Qxg6 Qd7 25.h6 Rd8 26.Bd5 Kc7 27.h7 Rh8 28.Be6 Qe7 29.Qf7  1-0

[Event "Saint Louis Rapid 2024"]
[Site "Saint Louis USA"]
[Date "2024.08.13"]
[Round "4.4"]
[White "Firouzja,Alireza"]
[Black "Nakamura,Hi"]
[Result "1-0"]
[WhiteElo "2751"]
[BlackElo "2802"]

1.e4 e6 2.d4 d5 3.e5 c5 4.c3 Nc6 5.Nf3 Qb6 6.a3 Nh6 7.Bd3 cxd4 8.O-O Bd7
9.b4 Rc8 10.b5 Ne7 11.Nxd4 Nef5 12.a4 Nxd4 13.a5 Qc5 14.Ba3 Ne2+ 15.Qxe2 Qc7
16.Bb2 Be7 17.Nd2 O-O 18.c4 dxc4 19.Bxc4 Rfd8 20.Rfc1 Qb8 21.Nf3 Nf5 22.Bd3 Bf8
23.h4 Be8 24.Bxf5 exf5 25.e6 Rxc1+ 26.Rxc1 Qd6 27.Ng5 fxe6 28.Qxe6+ Qxe6
29.Nxe6 Rd2 30.Bd4 Bd7 31.Be3 Rd3 32.Nxf8 Kxf8 33.a6 b6 34.Rc7 Bxb5 35.Rxa7 Ra3
36.Ra8+ Kf7 37.a7 Ra6 38.Bxb6 Bc6 39.Rc8 Rxb6 40.Rxc6 Rb1+ 41.Kh2 Ra1 42.Rc7+ Kf6
43.Kg3 Ra4 44.Kf3 f4 45.Ke2 h5 46.Kd3 g5 47.hxg5+ Kxg5 48.Kc3 h4 49.Kb3 Ra1
50.f3 h3 51.gxh3 Kh4 52.Rg7 Kxh3 53.Kb4 Ra2 54.Kb5  1-0

[Event "Saint Louis Rapid 2024"]
[Site "Saint Louis USA"]
[Date "2024.08.13"]
[Round "5.3"]
[White "Nakamura,Hi"]
[Black "Aronian,L"]
[Result "1/2-1/2"]
[WhiteElo "2802"]
[BlackElo "2729"]

1.e4 c5 2.f4 d5 3.Bb5+ Bd7 4.Bxd7+ Qxd7 5.d3 dxe4 6.dxe4 Qxd1+ 7.Kxd1 Nc6
8.Nf3 Nf6 9.Nbd2 Rd8 10.Ke2 g6 11.c3 Bh6 12.e5 Nd5 13.g3 f6 14.Ne4 b6 15.exf6 exf6
16.Re1 O-O 17.Bd2 f5 18.Nf2 Bg7 19.Kf1 Rfe8 20.Rxe8+ Rxe8 21.Rd1 Bf6 22.Nd3 Kf7
23.c4 Ne3+ 24.Bxe3 Rxe3 25.Kf2 Re4 26.b3 Ke7 27.Nde1 Nb4 28.a3 Nc6 29.Nc2 h6
30.Rd3 g5 31.Ne3 Nd4 32.Nxd4 Bxd4 33.Kf3 Bxe3 34.Rxe3 g4+ 35.Ke2 Rxe3+ 36.Kxe3 a5
37.a4 Kd7 38.Kd3 Ke7 39.Ke3 Kd7 40.Kd3 Ke7 41.Ke3  1/2-1/2

[Event "Saint Louis Rapid 2024"]
[Site "Saint Louis USA"]
[Date "2024.08.13"]
[Round "6.3"]
[White "Nepomniachtchi,I"]
[Black "Nakamura,Hi"]
[Result "1/2-1/2"]
[WhiteElo "2767"]
[BlackElo "2802"]

1.c4 c6 2.Nf3 d5 3.e3 Nf6 4.Nc3 a6 5.d4 e6 6.b3 Nbd7 7.Bd3 Bb4 8.Bd2 Qe7
9.O-O O-O 10.Re1 e5 11.dxe5 Nxe5 12.Nxe5 Qxe5 13.Nxd5 Nxd5 14.cxd5 Bxd2 15.Qxd2 Qxd5
16.Rad1 Qc5 17.Bc4 Bf5 18.e4 Bg4 19.Rc1 Qe7 20.Qf4 Be6 21.Bxe6 fxe6 22.Qe5 Rad8
23.Rcd1 Rd7 24.g3 Rfd8 25.Rxd7 Rxd7 26.Re3 Qd6 27.Qc3 c5 28.a4 b5 29.axb5 axb5
30.Kg2 h6 31.h4 Qc6 32.Qe5 c4 33.bxc4 bxc4 34.Ra3 Rc7 35.Rc3 Rd7 36.Ra3 Rc7
37.Rc3 Rd7 38.Ra3 Rc7  1/2-1/2

[Event "Saint Louis Rapid 2024"]
[Site "Saint Louis USA"]
[Date "2024.08.14"]
[Round "7.4"]
[White "Nakamura,Hi"]
[Black "So,W"]
[Result "1/2-1/2"]
[WhiteElo "2802"]
[BlackElo "2751"]

1.Nf3 d5 2.g3 c5 3.Bg2 Nc6 4.d4 Nf6 5.O-O e6 6.e3 Be7 7.dxc5 O-O 8.Qe2 e5
9.c4 d4 10.Rd1 Bxc5 11.exd4 Nxd4 12.Nxd4 Bxd4 13.h3 Be6 14.Be3 Qb6 15.b3 Rad8
16.Nc3 a6 17.Rac1 h6 18.Qf3 Rd7 19.Ne2 Bxe3 20.Qxe3 Qxe3 21.fxe3 Rfd8 22.Rxd7 Rxd7
23.Nc3 Kf8 24.c5 Ke7 25.Kf1 Nd5 26.Nxd5+ Bxd5 27.Bxd5 Rxd5 28.c6 bxc6 29.Rxc6 a5
30.Ke2 e4 31.Rc4 f5 32.h4 h5 33.Rc6 Kf7 34.Rc1 Ke7 35.Rc3 Ke6 36.a3 Kd6 37.b4 axb4
38.axb4 Rb5 39.Rc4 Rb7 40.Kd2 Ra7 41.Kc2 Ra2+ 42.Kb3 Rg2 43.b5 Rxg3 44.b6 Rxe3+
45.Ka2 Re2+ 46.Ka3 Re1 47.Ka2 Re2+ 48.Kb1 Re1+ 49.Kb2 Re2+ 50.Kb1 Re1+ 51.Kb2 Re2+
52.Kb1 Re1+  1/2-1/2

[Event "Saint Louis Rapid 2024"]
[Site "Saint Louis USA"]
[Date "2024.08.14"]
[Round "8.1"]
[White "Dominguez Perez,L"]
[Black "Nakamura,Hi"]
[Result "1/2-1/2"]
[WhiteElo "2748"]
[BlackElo "2802"]

1.e4 e6 2.d4 d5 3.Nc3 Nf6 4.e5 Nfd7 5.f4 c5 6.Nf3 Nc6 7.Be3 cxd4 8.Nxd4 Qb6
9.Qd2 Qxb2 10.Rb1 Qa3 11.Bb5 Nxd4 12.Bxd4 a6 13.Bxd7+ Bxd7 14.Rb3 Qe7 15.Rxb7 Rc8
16.O-O Qd8 17.f5 exf5 18.Kh1 Bc5 19.Bxc5 Rxc5 20.Nxd5 Be6 21.Re7+ Kf8 22.Qb4 Bxd5
23.Qxc5 Bxg2+ 24.Kxg2 Qxe7 25.Qc8+ Qe8 26.Qc7 g6 27.Qd6+ Kg8 28.Rb1 Qa8+
29.Kg3 Qe4 30.Rb8+ Kg7 31.Qf6+ Kh6 32.Rxh8 Qe3+ 33.Kg2 Qe2+ 34.Kg1 Qe1+ 35.Kg2 Qe2+
36.Kg1 Qe1+ 37.Kg2 Qe2+  1/2-1/2

[Event "Saint Louis Rapid 2024"]
[Site "Saint Louis USA"]
[Date "2024.08.14"]
[Round "9.2"]
[White "Nakamura,Hi"]
[Black "Praggnanandhaa,R"]
[Result "1-0"]
[WhiteElo "2802"]
[BlackElo "2749"]

1.Nf3 Nf6 2.g3 g6 3.b3 Bg7 4.Bb2 b6 5.c4 Bb7 6.Bg2 c5 7.e3 O-O 8.O-O d5 9.Qe2 Nc6
10.Ne5 Qc7 11.f4 Rad8 12.d3 a6 13.Nd2 dxc4 14.bxc4 Nd7 15.Nxc6 Bxc6 16.Bxg7 Bxg2
17.Qxg2 Kxg7 18.Nf3 Nb8 19.Rfd1 Rd6 20.Rab1 Kg8 21.Rb3 Nc6 22.a3 Rb8 23.Qc2 Rbd8
24.Qc3 Na5 25.Rb2 Qc6 26.Ne5 Qa8 27.Ng4 f6 28.Nf2 Qf3 29.Qc1 Qc6 30.Qc2 Qf3
31.Re1 Kg7 32.Qe2 Qxe2 33.Rexe2 e5 34.Rec2 exf4 35.gxf4 Re6 36.Re2 Rde8 37.Kg2 Kf7
38.Kf3 Nc6 39.Ne4 Ne7 40.Ng3 Nc6 41.Ne4 Ne7 42.a4 a5 43.Rb3 h6 44.Reb2 f5
45.Nc3 Nc6 46.Nd5 Nb4 47.Re2 g5 48.Nc7 g4+ 49.Kf2 Rd6 50.Nxe8 Rxd3 51.Rxd3 Nxd3+
52.Kg3 Kxe8 53.e4 fxe4 54.Kxg4 Kf7 55.Kf5 e3 56.Rxe3 Nb2 57.Rc3 Nxa4 58.Rb3  1-0

[Event "Saint Louis Blitz 2024"]
[Site "Saint Louis USA"]
[Date "2024.08.15"]
[Round "1.1"]
[White "Nakamura,Hi"]
[Black "Vachier Lagrave,M"]
[Result "1/2-1/2"]
[WhiteElo "2802"]
[BlackElo "2721"]

1.d4 Nf6 2.Bg5 d5 3.e3 e6 4.c4 Be7 5.cxd5 exd5 6.Nc3 c6 7.Bd3 O-O 8.h3 Ne8
9.Bf4 Bd6 10.Qf3 Bxf4 11.Qxf4 Qd6 12.Qh4 g6 13.Nf3 Nd7 14.Qh6 Qf6 15.b4 Nd6
16.b5 Nc5 17.Bc2 Nxb5 18.Ng5 Qh8 19.Nxb5 cxb5 20.h4 Ne6 21.Bb3 Rd8 22.Rc1 Qg7
23.Qxg7+ Kxg7 24.Kd2 a5 25.Nxe6+ Bxe6 26.Rc7 b6 27.Rhc1 Rd6 28.a3 b4 29.axb4 axb4
30.Rb1 Bf5 31.Rb2 Ra1 32.Bd1 Rb1 33.Rxb1 Bxb1 34.Bb3 Bf5 35.f3 Bd7 36.g4 h6
37.g5 hxg5 38.hxg5 Be6 39.Ra7 Kf8 40.Ra4 Bd7 41.Rxb4 Ke7 42.Bc2 b5 43.Bd3 Ra6
44.Kc3 Rc6+ 45.Kd2 Ra6 46.e4 dxe4 47.fxe4 Ra4 48.Rxa4 bxa4 49.Kc3 f6 50.gxf6+ Kxf6
51.e5+ Kf7 52.d5 g5 53.Bc4 g4 54.d6+ Ke8 55.e6 g3 56.exd7+ Kxd7 57.Bd5 Kxd6
58.Bg2 a3 59.Kb3 a2 60.Kxa2 Kc7 61.Kb2 Kb6 62.Kc3 Ka7 63.Kd4 Kb6 64.Ke3 Kc5
65.Kf4 Kd4 66.Kxg3  1/2-1/2

[Event "Saint Louis Blitz 2024"]
[Site "Saint Louis USA"]
[Date "2024.08.15"]
[Round "2.4"]
[White "Nakamura,Hi"]
[Black "Abdusattorov,Nodirbek"]
[Result "1-0"]
[WhiteElo "2802"]
[BlackElo "2762"]

1.Nf3 e6 2.g3 b6 3.d3 Bb7 4.Bg2 Nf6 5.e4 d5 6.e5 Nfd7 7.O-O Be7 8.Re1 c5
9.c3 Nc6 10.d4 b5 11.h4 b4 12.Be3 O-O 13.Nbd2 bxc3 14.bxc3 Ba6 15.Qa4 Qc8
16.Bg5 Rb8 17.Bxe7 Nxe7 18.Bf1 Bxf1 19.Nxf1 Qc6 20.Qd1 Rb2 21.Ne3 Rfb8 22.Re2 Qa6
23.Rc2 h6 24.h5 Qa3 25.Qc1 cxd4 26.Nd1 dxc3 27.Rxc3 Qa4 28.Nxb2 Qg4 29.Nd1 Qxh5
30.Rb1 Nb6 31.Qd2 Nf5 32.Rb4 Rd8 33.Rf4 d4 34.Rd3 Nd5 35.Rfxd4 Nxd4 36.Nxd4 Rb8
37.Qe2 Qg6 38.Rb3 Rc8 39.Kh2 Rc1 40.Ne3 Nc3  1-0

[Event "Saint Louis Blitz 2024"]
[Site "Saint Louis USA"]
[Date "2024.08.15"]
[Round "3.4"]
[White "Nepomniachtchi,I"]
[Black "Nakamura,Hi"]
[Result "0-1"]
[WhiteElo "2767"]
[BlackElo "2802"]

1.c4 c6 2.Nf3 d5 3.e3 Nf6 4.Nc3 a6 5.d4 e6 6.b3 Bb4 7.Bd2 Nbd7 8.Bd3 O-O
9.O-O Qe7 10.h3 h6 11.Bc2 Rd8 12.a3 Bxa3 13.Rxa3 Qxa3 14.c5 b6 15.b4 Qxb4
16.Nxd5 Qc4 17.Ne7+ Kh8 18.Bb3 Qd3 19.Nxc6 Rf8 20.Bc2 Qb5 21.Ba4 Qb2 22.Bc1 Qc3
23.Qe2 a5 24.Bb2 Ba6 25.Bb5 Bxb5 26.Qxb5 Qc2 27.Rc1 Qf5 28.Ne7 Qh5 29.Ne5 Nxe5
30.dxe5 Ng8 31.Nxg8 bxc5 32.Ne7 Rfb8 33.Qc6 Qg5 34.Nd5 exd5 35.Rxc5 Qg6 36.e6 Qxe6
37.Qxe6 fxe6 38.Bd4 Rb7 39.Rc6 a4 40.Rxe6 Kh7 41.Rd6 a3 42.Rxd5 Rb1+ 43.Kh2 Rd1
44.Rd7 Rxd4  0-1

[Event "Saint Louis Blitz 2024"]
[Site "Saint Louis USA"]
[Date "2024.08.15"]
[Round "4.5"]
[White "Nakamura,Hi"]
[Black "Caruana,F"]
[Result "0-1"]
[WhiteElo "2802"]
[BlackElo "2793"]

1.Nf3 Nf6 2.g3 c5 3.e3 Nc6 4.d4 d5 5.Bg2 cxd4 6.Nxd4 Bg4 7.Nxc6 bxc6 8.Qd3 e5
9.b3 Bb4+ 10.c3 e4 11.Qa6 Be7 12.Qxc6+ Bd7 13.Qa6 Rb8 14.Ba3 O-O 15.Bxe7 Qxe7
16.Qa3 Qe5 17.O-O Qh5 18.Nd2 Bh3 19.f3 exf3 20.Rxf3 Ng4 21.Bxh3 Qxh3 22.Nf1 Rb6
23.Qb2 Ne5 24.Rf4 Nd3 25.Qg2 Qxg2+ 26.Kxg2 Nxf4+ 27.gxf4 Rc6 28.Rd1 Rxc3
29.Kf3 Rd8 30.Rd4 g6 31.h4 Kg7 32.Nd2 a5 33.Kf2 Re8 34.Nf1 Rc2+ 35.Kf3 Rc5
36.Ng3 Kh6 37.Ne2 Re7 38.a3 f6 39.b4 axb4 40.axb4 Rc4 41.Rxd5 Rxb4 42.Rd3 Rb1
43.Ng3 Rb2 44.h5 Rh2 45.Rd6 Kg7 46.e4 Rh4 47.Ra6 Rb7 48.Ra3 Kf7 49.hxg6+ hxg6
50.Rc3 Ra7 51.Rb3 Rh2 52.Nf1 Rha2 53.Ne3 R2a3 54.Rb1 Rc3 55.Re1 Ra4 56.Re2 Ke6
57.Rb2 Raa3 58.Re2 g5 59.Re1 g4+ 60.Kf2 g3+ 61.Kf3 g2  0-1